| 000 | 00749nam a22002177a 4500 | ||
|---|---|---|---|
| 003 | DO-SdBNP | ||
| 005 | 20211111140508.0 | ||
| 007 | ta | ||
| 008 | 211111b2021 dr ||||| |||| 00| 0 spa d | ||
| 020 | _a9789945624144 | ||
| 040 |
_aDO-SdBNP _bspa _cBNPHU |
||
| 100 | 1 |
_aLuigi, García, _d1977- _980593 |
|
| 245 | 1 | 0 |
_a Hijos o siervos : _bdescubriendo la verdad de ti / _cGarcía Luigi ; prólogo Josué Drullard. |
| 260 |
_aSan Cristóbal, República Dominicana : _bFR Multiservicios, _c2021. |
||
| 300 |
_a140 p. ; _c21 cm. |
||
| 500 | _aIncluye datos biográficos del autor en la solapa de la contracubierta. | ||
| 590 | _aInventariado, 2021 /LP | ||
| 700 | 1 |
_aDrullard, Josué, _eprólogo _980594 |
|
| 910 | _aLopérez | ||
| 942 |
_2ddc _cLBS1 |
||
| 999 |
_c50935 _d50935 |
||